Fluid Mechanics & hydraulic machines (Record no. 4903)

MARC details
000 -LEADER
fixed length control field 00412nam a22001697a 4500
005 - DATE AND TIME OF LATEST TRANSACTION
control field 20160630114852.0
008 - FIXED-LENGTH DATA ELEMENTS--GENERAL INFORMATION
fixed length control field 160630b xxu||||| |||| 00| 0 eng d
020 ## - INTERNATIONAL STANDARD BOOK NUMBER
ISBN 978-81-318-0815-3
041 ## - LANGUAGE CODE
Language code of text/sound track or separate title eng
082 ## - DEWEY DECIMAL CLASSIFICATION NUMBER
Item number 19625
100 ## - MAIN ENTRY--AUTHOR NAME
Personal name Bansali Dr R K
245 ## - TITLE STATEMENT
Title Fluid Mechanics & hydraulic machines
260 ## - PUBLICATION, DISTRIBUTION, ETC. (IMPRINT)
Name of publisher Laocine
Year of publication 2014
300 ## - PHYSICAL DESCRIPTION
Number of Pages 1094
650 ## - SUBJECT ADDED ENTRY--TOPICAL TERM
Topical Term Diploma Engineering
942 ## - ADDED ENTRY ELEMENTS (KOHA)
Koha item type Books
Holdings
Lost status Damaged status Collection code Home library Current library Shelving location Date acquired Cost, normal purchase price Full call number Accession Number Koha item type
    Reference JRU Library   SHELF-42-B 30/06/2016 625.00 19625 19625 Books
      JRU Library   SHELF-42-A 30/06/2016 625.00 19625 19626 Books
      JRU Library   SHELF-42-E 30/06/2016 625.00 19625 19627 Books
      JRU Library   SHELF-42-B 30/06/2016 625.00 19625 19628 Books
Lost and Paid For     JRU Library     30/06/2016 625.00 19625 19629 Books
      JRU Library   SHELF-42-A 30/06/2016 625.00 19625 19630 Books
      JRU Library   SHELF-42-A 30/06/2016 625.00 19625 19631 Books
      JRU Library   SHELF-42-B 30/06/2016 625.00 19625 19632 Books
      JRU Library   SHELF-42-B 30/06/2016 625.00 19625 19633 Books
      JRU Library   SHELF-42-B 30/06/2016 625.00 19625 19634 Books